[Event "World Rapid 2015"]
[Site "Berlin GER"]
[Date "2015.10.11"]
[Round "6.33"]
[White "Mamedov, Rauf"]
[Black "Ehlvest, Jaan"]
[Result "1-0"]
[WhiteElo "2657"]
[BlackElo "2535"]
[PlyCount "57"]
[EventDate "2015.10.10"]
[EventType "rapid"]

1. c4 b6 2. Nc3 Bb7 3. e4 e5 4. g3 Bc5 5. Bg2 Ne7 6. Nge2 Nbc6 7. O-O d6 8. d3
O-O 9. a3 a5 10. Rb1 Qd7 11. Bd2 f5 12. exf5 Qxf5 13. Ne4 Nd4 14. Nxd4 Bxd4 15.
Be3 Bxe3 16. fxe3 Qg6 17. Qc2 Bc6 18. b4 axb4 19. axb4 h5 20. b5 Bd7 21. h4 Nf5
22. Rf3 Nh6 23. Ng5 Kh8 24. Rbf1 Rxf3 25. Bxf3 Rf8 26. Qe2 Nf5 27. Bxh5 Qh6 28.
Bg4 g6 29. Qf2 1-0

[Event "World Rapid 2015"]
[Site "Berlin GER"]
[Date "2015.10.11"]
[Round "6.34"]
[White "Onischuk, Alexander"]
[Black "Mikhalevski, Victor"]
[Result "1-0"]
[WhiteElo "2662"]
[BlackElo "2536"]
[PlyCount "161"]
[EventDate "2015.10.10"]
[EventType "rapid"]

1. e4 c5 2. Nf3 d6 3. Bb5+ Bd7 4. Bxd7+ Qxd7 5. c4 Nc6 6. d4 cxd4 7. Nxd4 g6 8.
Be3 Bg7 9. Nc3 Nf6 10. f3 O-O 11. O-O Rfc8 12. b3 Qd8 13. Qd2 Qa5 14. Rfd1 a6
15. a4 Nd7 16. Rab1 Rab8 17. Bf2 Kf8 18. Nde2 h5 19. Be3 Kg8 20. Nd5 Qxd2 21.
Rxd2 Kf8 22. Nb6 Nxb6 23. Bxb6 Ne5 24. Bd4 Bh6 25. Rdd1 Nd7 26. Nc3 Nc5 27. Nd5
Rc6 28. e5 Bg7 29. Bxc5 Rxc5 30. exd6 exd6 31. Nb6 Rd8 32. Rd3 d5 33. Rxd5
Rdxd5 34. Nxd5 b5 35. axb5 axb5 36. Rc1 bxc4 37. bxc4 Ra5 38. Rc2 h4 39. Kf2
Bd4+ 40. Ke2 Bc5 41. Nc3 f5 42. Ra2 Rxa2+ 43. Nxa2 Ke7 44. Nc1 g5 45. Nd3 Bd4
46. Nf2 Be5 47. Nh3 g4 48. fxg4 fxg4 49. Nf2 Bxh2 50. Nxg4 Bg3 51. Kf3 Kd6 52.
Ke4 Kc5 53. Kd3 Bf4 54. Nf2 Be5 55. Ne4+ Kb4 56. Ng5 Kc5 57. Ne6+ Kd6 58. Nd4
Kc5 59. Nf5 Bf6 60. Ne3 Be5 61. Ng4 Bg7 62. Nf2 Be5 63. Nd1 Bd4 64. Nc3 Bg7 65.
Ne4+ Kb4 66. Ng5 Bh8 67. Ne6 Bf6 68. Nf8 Bh8 69. Nd7 Bg7 70. Nb8 Kc5 71. Na6+
Kb6 72. Nb4 Kc5 73. Nd5 Bh8 74. Nf4 Be5 75. Ne6+ Kd6 76. Nf8 Kc5 77. Nd7+ Kd6
78. Nxe5 Kxe5 79. Ke3 Kf5 80. Kf3 Kg5 81. c5 1-0

[Event "World Rapid 2015"]
[Site "Berlin GER"]
[Date "2015.10.11"]
[Round "6.38"]
[White "Huzman, Alexander"]
[Black "Almasi, Zoltan"]
[Result "1/2-1/2"]
[WhiteElo "2580"]
[BlackElo "2689"]
[PlyCount "68"]
[EventDate "2015.10.10"]
[EventType "rapid"]

1. Nf3 c5 2. c4 Nf6 3. Nc3 Nc6 4. g3 d5 5. d4 e6 6. cxd5 Nxd5 7. Bg2 Be7 8. O-O
O-O 9. e4 Nb6 10. dxc5 Bxc5 11. e5 Qxd1 12. Rxd1 Be7 13. b3 Bd7 14. Bb2 Rfd8
15. Rac1 Be8 16. h4 h6 17. Nb5 Nd5 18. Nfd4 Nxe5 19. Bxd5 exd5 20. Nc7 Rab8 21.
Nf5 Bf6 22. Bxe5 Bxe5 23. Nxe8 Rxe8 24. Rxd5 Rbd8 25. Rcd1 Rxd5 26. Rxd5 Bc7
27. Rd7 Bb6 28. Kf1 Re5 29. Ne7+ Kf8 30. Nd5 Bc5 31. b4 Be7 32. Nxe7 Rxe7 33.
Rd8+ Re8 34. Rd7 Re7 1/2-1/2

[Event "World Rapid 2015"]
[Site "Berlin GER"]
[Date "2015.10.11"]
[Round "6.39"]
[White "Iturrizaga Bonelli, Eduardo"]
[Black "Guliyev, Namig"]
[Result "1-0"]
[WhiteElo "2641"]
[BlackElo "2579"]
[PlyCount "99"]
[EventDate "2015.10.10"]
[EventType "rapid"]

1. Nf3 Nf6 2. c4 g6 3. Nc3 Bg7 4. g3 c5 5. Bg2 Nc6 6. d4 cxd4 7. Nxd4 O-O 8.
O-O Nxd4 9. Qxd4 d6 10. Qd3 Bf5 11. e4 Be6 12. b3 Qa5 13. Bd2 Qh5 14. f3 Nd7
15. Rac1 Rfe8 16. Be3 a6 17. Qd2 Qa5 18. f4 Nf6 19. h3 b5 20. f5 Bd7 21. e5
dxe5 22. fxg6 hxg6 23. Bxa8 Rxa8 24. Rxf6 Bxf6 25. Qxd7 Rd8 26. b4 Rxd7 27.
bxa5 bxc4 28. Ne4 Rd3 29. Bb6 Bg7 30. Rxc4 f5 31. Nc5 Rxg3+ 32. Kf2 Rxh3 33.
Nxa6 Rh2+ 34. Kf1 Rxa2 35. Nc5 Ra1+ 36. Ke2 Ra2+ 37. Kd1 e4 38. Ra4 Rb2 39. Ne6
Rb1+ 40. Kc2 Rb2+ 41. Kc1 Bf6 42. Bd4 Bxd4 43. Nxd4 Rb8 44. a6 e5 45. Nc6 Rc8
46. a7 Rxc6+ 47. Kd1 Rc8 48. Rb4 Rd8+ 49. Ke1 Kf7 50. Rb8 1-0

[Event "World Rapid 2015"]
[Site "Berlin GER"]
[Date "2015.10.11"]
[Round "6.42"]
[White "Zhang, Zhong"]
[Black "Volokitin, Andrei"]
[Result "0-1"]
[WhiteElo "2619"]
[BlackElo "2639"]
[PlyCount "114"]
[EventDate "2015.10.10"]
[EventType "rapid"]

1. e4 c5 2. Nf3 d6 3. c3 Nf6 4. Be2 g6 5. O-O Bg7 6. Re1 O-O 7. Bf1 Bg4 8. d3
Nc6 9. Nbd2 d5 10. h3 Bxf3 11. Qxf3 d4 12. c4 Bh6 13. e5 Nd7 14. Qg3 Nb4 15.
Nf3 Bxc1 16. Rexc1 Qc7 17. h4 f6 18. exf6 Qxg3 19. f7+ Rxf7 20. fxg3 a5 21. a3
Nc6 22. Re1 Ra6 23. b3 h6 24. Rab1 Rb6 25. Be2 Nce5 26. Nd2 Nf6 27. b4 axb4 28.
axb4 Rxb4 29. Rxb4 cxb4 30. Rb1 Nfg4 31. Ne4 Nf6 32. Nd2 Nc6 33. Bf3 Ne5 34.
Be2 Nc6 35. Bf3 e5 36. Bxc6 bxc6 37. Rxb4 Ng4 38. Rb6 Rf2 39. Nf1 Rc2 40. Rxc6
Kf7 41. Rc7+ Ke6 42. Rc6+ Kf5 43. Rc8 Rc1 44. Rf8+ Ke6 45. Rf3 Ke7 46. Kh1 h5
47. Kg1 Kd6 48. Rf8 Kc5 49. Rc8+ Kb4 50. Rb8+ Kc3 51. c5 Ne3 52. Kf2 Rxf1+ 53.
Ke2 Rc1 54. c6 Rc2+ 55. Kf3 Kxd3 56. Rb3+ Kd2 57. Rb6 Nd5 0-1

[Event "World Rapid 2015"]
[Site "Berlin GER"]
[Date "2015.10.11"]
[Round "6.43"]
[White "Khairullin, Ildar"]
[Black "Pavlovic, Milos"]
[Result "1/2-1/2"]
[WhiteElo "2652"]
[BlackElo "2481"]
[PlyCount "61"]
[EventDate "2015.10.10"]
[EventType "rapid"]

1. d4 Nf6 2. c4 e6 3. g3 d5 4. Bg2 Be7 5. Nf3 O-O 6. O-O dxc4 7. Qc2 a6 8. a4
Bd7 9. Qxc4 Bc6 10. Bg5 Bd5 11. Qc2 Be4 12. Qc1 h6 13. Bxf6 Bxf6 14. Rd1 a5 15.
Nbd2 Bxf3 16. Bxf3 c6 17. e3 Na6 18. Nc4 Nb4 19. Qd2 Qc7 20. Qe2 Rfd8 21. Rac1
Rd7 22. h4 Rad8 23. b3 Kh8 24. h5 Kg8 25. Be4 Kf8 26. Kg2 b6 27. Qf3 Nd5 28.
Rc2 Nb4 29. Rcd2 Nd5 30. Rc1 c5 31. dxc5 1/2-1/2

[Event "World Rapid 2015"]
[Site "Berlin GER"]
[Date "2015.10.11"]
[Round "6.44"]
[White "Milanovic, Danilo"]
[Black "Ivanisevic, Ivan"]
[Result "1/2-1/2"]
[WhiteElo "2469"]
[BlackElo "2653"]
[PlyCount "98"]
[EventDate "2015.10.10"]
[EventType "rapid"]

1. d4 g6 2. c4 Bg7 3. e4 d6 4. Nc3 Nc6 5. Nge2 Nf6 6. f3 a6 7. Be3 O-O 8. Qd2
Na5 9. Nc1 e5 10. d5 c5 11. a3 b6 12. Be2 Nh5 13. b4 Nb7 14. Nd3 Bd7 15. Rb1 f5
16. O-O Nf6 17. Qb2 Rb8 18. bxc5 Nxc5 19. Nxc5 bxc5 20. Qxb8 Qxb8 21. Rxb8 Rxb8
22. Bd1 Bf8 23. Bc1 Be7 24. Rf2 Bd8 25. Rb2 Rxb2 26. Bxb2 Ba5 27. Bc2 Kf7 28.
Kf2 Ke7 29. g3 h5 30. Kg2 Bxc3 31. Bxc3 fxe4 32. fxe4 Bg4 33. Kf2 Bh3 34. Bd2
Ng4+ 35. Kg1 Kf6 36. Bc1 g5 37. Bd2 Kg6 38. Bc1 Nf6 39. Bd2 h4 40. Ba5 Bd7 41.
Bc7 Ne8 42. Bd8 h3 43. Kf2 Nf6 44. Be7 Ne8 45. Bd1 Nf6 46. Bc2 Ne8 47. Bd1 Nf6
48. Bc2 Ne8 49. Bd1 Nf6 1/2-1/2

[Event "World Rapid 2015"]
[Site "Berlin GER"]
[Date "2015.10.11"]
[Round "6.45"]
[White "Kovalev, Vladislav"]
[Black "Sethuraman, S.P."]
[Result "1-0"]
[WhiteElo "2546"]
[BlackElo "2640"]
[PlyCount "83"]
[EventDate "2015.10.10"]
[EventType "rapid"]

1. d4 d5 2. Nc3 Nf6 3. Bf4 Bf5 4. f3 e6 5. g4 Bg6 6. h4 h5 7. g5 Nfd7 8. e3 a6
9. Bd3 Bxd3 10. Qxd3 c5 11. Nge2 Nc6 12. O-O-O Qa5 13. Kb1 c4 14. Qd2 b5 15. b3
Bb4 16. g6 f6 17. e4 O-O 18. Qe1 e5 19. exd5 Nxd4 20. Nxd4 Bxc3 21. Bd2 Bxd2
22. Rxd2 exd4 23. Qe6+ Kh8 24. Rxd4 Rfd8 25. d6 cxb3 26. axb3 Rac8 27. Rd5 Rc5
28. Rxc5 Nxc5 29. Qd5 f5 30. Qxf5 Qd2 31. Qxh5+ Qh6 32. Qxc5 Qxg6 33. Rd1 Qe6
34. d7 a5 35. Qxb5 Qf6 36. Qh5+ Kg8 37. Qg5 Qb6 38. Qd5+ Kh8 39. Qd4 Qc6 40.
Qe4 Qc7 41. Qe8+ Kh7 42. Rd5 1-0

[Event "World Rapid 2015"]
[Site "Berlin GER"]
[Date "2015.10.11"]
[Round "6.46"]
[White "Shabalov, Alexander"]
[Black "Salem, A.R. Saleh"]
[Result "1-0"]
[WhiteElo "2522"]
[BlackElo "2624"]
[PlyCount "75"]
[EventDate "2015.10.10"]
[EventType "rapid"]

1. Nf3 c5 2. e3 Nf6 3. d4 cxd4 4. exd4 g6 5. Bd3 Bg7 6. O-O O-O 7. Re1 Nc6 8.
h3 d5 9. c3 Qc7 10. Na3 a6 11. Nc2 Nh5 12. Be3 Na5 13. Qc1 Re8 14. Ne5 Nc6 15.
Ng4 Bxg4 16. hxg4 Nf6 17. f3 e5 18. Bf1 Re7 19. Qd2 Rae8 20. Bg5 e4 21. Ne3 Qd6
22. f4 Rc7 23. Qf2 b5 24. f5 Rb7 25. a4 Rb6 26. axb5 axb5 27. Bf4 Qd7 28. g5
Nh5 29. Bh2 gxf5 30. Nxf5 Ne7 31. g4 Nxf5 32. gxf5 f6 33. Be2 e3 34. Qf3 fxg5
35. Qxh5 Rh6 36. Ra7 Rxh5 37. Rxd7 Rh3 38. Kg2 1-0

[Event "World Rapid 2015"]
[Site "Berlin GER"]
[Date "2015.10.11"]
[Round "6.47"]
[White "Kunin, Vitaly"]
[Black "Sasikiran, Krishnan"]
[Result "0-1"]
[WhiteElo "2556"]
[BlackElo "2639"]
[PlyCount "52"]
[EventDate "2015.10.10"]
[EventType "rapid"]

1. d4 Nf6 2. Nf3 g6 3. g3 Bg7 4. Bg2 O-O 5. O-O d5 6. c4 c6 7. Nbd2 a5 8. b3
Bf5 9. Bb2 a4 10. Ne5 Nbd7 11. h3 Qa5 12. g4 Be6 13. f4 a3 14. Bxa3 Qxa3 15. f5
gxf5 16. gxf5 Nxe5 17. dxe5 Qc5+ 18. Rf2 Nd7 19. fxe6 fxe6 20. Nf3 Nxe5 21. Kf1
dxc4 22. Rc1 Rxa2 23. b4 Qe3 24. Qe1 Nd3 25. exd3 Rxf2+ 26. Qxf2 Qxc1+ 0-1

[Event "World Rapid 2015"]
[Site "Berlin GER"]
[Date "2015.10.11"]
[Round "6.48"]
[White "Ragger, Markus"]
[Black "Olafsson, Helgi"]
[Result "1-0"]
[WhiteElo "2698"]
[BlackElo "2549"]
[PlyCount "69"]
[EventDate "2015.10.10"]
[EventType "rapid"]

1. d4 e6 2. c4 f5 3. g3 Nf6 4. Bg2 c6 5. Qc2 d5 6. Nh3 Bd6 7. O-O O-O 8. Bf4
Be7 9. Nd2 Ne4 10. Rad1 Nd7 11. f3 Nxd2 12. Bxd2 Nf6 13. Nf2 Bd7 14. e4 fxe4
15. fxe4 Be8 16. e5 Bg6 17. Qb3 Ne4 18. Nxe4 Rxf1+ 19. Rxf1 dxe4 20. Be3 Bg5
21. Bxg5 Qxg5 22. Qxb7 Qe3+ 23. Kh1 Re8 24. d5 cxd5 25. cxd5 exd5 26. Qxd5+ Kh8
27. e6 h6 28. Qe5 Qe2 29. h4 e3 30. Kh2 Qd2 31. e7 e2 32. Rf8+ Kh7 33. h5 e1=Q
34. hxg6+ Kxg6 35. Qf5# 1-0

[Event "World Rapid 2015"]
[Site "Berlin GER"]
[Date "2015.10.11"]
[Round "6.49"]
[White "Stern, Rene"]
[Black "Gajewski, Grzegorz"]
[Result "1-0"]
[WhiteElo "2538"]
[BlackElo "2654"]
[PlyCount "63"]
[EventDate "2015.10.10"]
[EventType "rapid"]

1. d4 Nf6 2. c4 e6 3. Nc3 Bb4 4. Bd2 b6 5. e4 c5 6. e5 cxd4 7. Nb5 Bxd2+ 8.
Qxd2 Ng8 9. Qxd4 Nh6 10. Nd6+ Kf8 11. Nf3 Nc6 12. Qf4 f6 13. Bd3 Nf7 14. Nxf7
Kxf7 15. O-O Bb7 16. Rad1 Qe7 17. exf6 gxf6 18. Be4 Ke8 19. Rfe1 Rc8 20. Bxc6
Bxc6 21. Nd4 Rg8 22. Nxc6 Rxc6 23. Qb8+ Qd8 24. Qxa7 Ke7 25. Qa3+ Kf7 26. Qd3
Rc7 27. Qxh7+ Rg7 28. Qh5+ Ke7 29. Rxe6+ Kf8 30. Qh8+ Rg8 31. Rxf6+ Ke7 32.
Re1# 1-0

[Event "World Rapid 2015"]
[Site "Berlin GER"]
[Date "2015.10.11"]
[Round "6.50"]
[White "Piorun, Kacper"]
[Black "Van Wely, Loek"]
[Result "1-0"]
[WhiteElo "2609"]
[BlackElo "2632"]
[PlyCount "103"]
[EventDate "2015.10.10"]
[EventType "rapid"]

1. e4 c5 2. Nf3 e6 3. d4 cxd4 4. Nxd4 a6 5. c4 Nf6 6. Nc3 Bb4 7. Qd3 d5 8. exd5
exd5 9. Be2 O-O 10. O-O Nc6 11. Rd1 Ne5 12. Qg3 Bxc3 13. bxc3 Re8 14. Bg5 Ne4
15. Bxd8 Nxg3 16. hxg3 Rxd8 17. Nf3 Bg4 18. cxd5 Bxf3 19. gxf3 Rac8 20. f4 Nc4
21. Rd4 Nd6 22. c4 Rc5 23. Rb1 Kf8 24. g4 Rdc8 25. Rb4 Ke7 26. Kg2 Ra5 27. a4
g6 28. Rd1 Rac5 29. Rh1 R8c7 30. Rb6 Ra5 31. Rb4 Rac5 32. Rxh7 a5 33. Rb6 Rd7
34. g5 Nxc4 35. Rxg6 Nd6 36. Bg4 Rxd5 37. Bxd7 Kxd7 38. Rgh6 Ke7 39. g6 Kf8 40.
Rh8+ Kg7 41. R8h7+ Kg8 42. Rh5 Nf5 43. gxf7+ Kf8 44. Rg5 Ne7 45. Rxd5 Nxd5 46.
Kf3 Nc3 47. Kg4 Nxa4 48. Kf5 Nc5 49. Kg6 Ke7 50. Rh8 Nd7 51. Re8+ Kd6 52. Rd8
1-0

[Event "World Rapid 2015"]
[Site "Berlin GER"]
[Date "2015.10.11"]
[Round "6.51"]
[White "Bologan, Viktor"]
[Black "Godena, Michele"]
[Result "1/2-1/2"]
[WhiteElo "2607"]
[BlackElo "2513"]
[PlyCount "78"]
[EventDate "2015.10.10"]
[EventType "rapid"]

1. e4 e5 2. Nf3 Nc6 3. Bc4 Bc5 4. O-O d6 5. c3 Nf6 6. d3 Bb6 7. Nbd2 Ne7 8. Re1
Ng6 9. Nf1 O-O 10. Ng3 Re8 11. Bb3 h6 12. h3 Be6 13. Ba4 Bd7 14. Bb3 Be6 15. d4
Bxb3 16. Qxb3 d5 17. dxe5 dxe4 18. Nxe4 Nxe5 19. Nxe5 Rxe5 20. Nxf6+ Qxf6 21.
Be3 Bxe3 22. Rxe3 Rxe3 23. fxe3 b6 24. Rd1 Re8 25. Rd3 Re5 26. Qd1 Qe6 27. Kh2
Qxa2 28. Rd8+ Kh7 29. Qd3+ f5 30. Rd7 Qe6 31. Rxc7 Rd5 32. Qc4 Qe5+ 33. Qf4
Qxf4+ 34. exf4 a5 35. Rc4 Rd2 36. b4 Rc2 37. h4 axb4 38. Rxb4 Rxc3 39. Rxb6 h5
1/2-1/2

[Event "World Rapid 2015"]
[Site "Berlin GER"]
[Date "2015.10.11"]
[Round "6.52"]
[White "Papin, Vasily"]
[Black "Bindrich, Falko"]
[Result "0-1"]
[WhiteElo "2502"]
[BlackElo "2594"]
[PlyCount "74"]
[EventDate "2015.10.10"]
[EventType "rapid"]

1. d4 Nf6 2. Nf3 e6 3. c4 d5 4. e3 Be7 5. Nbd2 b6 6. b3 O-O 7. Bd3 Bb7 8. Bb2
c5 9. O-O cxd4 10. exd4 Nc6 11. Rc1 Rc8 12. Qe2 g6 13. Rfd1 Nh5 14. g3 Nb4 15.
Bb1 Nf6 16. Ne5 Nc6 17. Nef3 Re8 18. Nf1 Bf8 19. Ne3 Bh6 20. Ne5 Qe7 21. f4 Bg7
22. cxd5 Nxd5 23. Nxd5 exd5 24. Qd2 Qd6 25. Bd3 Ne7 26. Rxc8 Rxc8 27. Rc1 f6
28. Nf3 Bf8 29. Re1 Bc6 30. f5 Nxf5 31. Bxf5 gxf5 32. Bc1 Bd7 33. Nh4 Qb4 34.
Qf2 Rc2 35. Qf1 Bb5 36. a3 Qxd4+ 37. Be3 Qc3 0-1

[Event "World Rapid 2015"]
[Site "Berlin GER"]
[Date "2015.10.11"]
[Round "6.53"]
[White "Ghaem Maghami, Ehsan"]
[Black "Hjartarson, Johann"]
[Result "1/2-1/2"]
[WhiteElo "2596"]
[BlackElo "2529"]
[PlyCount "96"]
[EventDate "2015.10.10"]
[EventType "rapid"]

1. e4 e5 2. Nf3 Nc6 3. Bc4 Bc5 4. c3 Nf6 5. d4 exd4 6. e5 d5 7. Be2 Ne4 8. cxd4
Bb6 9. O-O O-O 10. Nc3 Bg4 11. Be3 Qd7 12. Rc1 Nxc3 13. bxc3 Na5 14. h3 Bh5 15.
g4 Bg6 16. Nh4 Nc4 17. Nxg6 hxg6 18. Bxc4 dxc4 19. Qf3 c6 20. Rfd1 f5 21. gxf5
Rxf5 22. Qg4 Qe6 23. f4 g5 24. fxg5 Rxe5 25. dxe5 Bxe3+ 26. Kg2 Qxg4+ 27. hxg4
Bxc1 28. Rxc1 Re8 29. Re1 Kf7 30. Kf3 Rd8 31. Ke4 Ke6 32. Rf1 Rd2 33. g6 Rg2
34. Rf4 b5 35. Kd4 a5 36. a3 Rg3 37. Kc5 Rxc3 38. Rf7 Rg3 39. Rc7 Rxg4 40.
Rxc6+ Kxe5 41. Kxb5 Kf5 42. a4 Rxg6 43. Rxc4 Re6 44. Kxa5 g5 45. Kb5 g4 46. a5
g3 47. a6 g2 48. Rc1 Rxa6 1/2-1/2

[Event "World Rapid 2015"]
[Site "Berlin GER"]
[Date "2015.10.11"]
[Round "6.55"]
[White "Munoz Pantoja, Miguel"]
[Black "Borisek, Jure"]
[Result "1/2-1/2"]
[WhiteElo "2441"]
[BlackElo "2565"]
[PlyCount "46"]
[EventDate "2015.10.10"]
[EventType "rapid"]

1. e4 e5 2. Nf3 Nc6 3. Bc4 Bc5 4. b4 Bxb4 5. c3 Ba5 6. d4 d6 7. Qb3 Qd7 8. dxe5
Bb6 9. Bb5 Nge7 10. O-O O-O 11. exd6 cxd6 12. Bf4 Bc5 13. Nbd2 Qg4 14. Bg3 Be6
15. Qc2 Rac8 16. Nb3 Rfd8 17. Rad1 Qg6 18. Bd3 Qh5 19. Be2 Qg6 20. Bd3 Qh5 21.
Be2 Qg6 22. Bd3 Qh5 23. Be2 Qg6 1/2-1/2

[Event "World Rapid 2015"]
[Site "Berlin GER"]
[Date "2015.10.11"]
[Round "6.56"]
[White "Stefansson, Hannes"]
[Black "Maze, Sebastien"]
[Result "1-0"]
[WhiteElo "2602"]
[BlackElo "2582"]
[PlyCount "65"]
[EventDate "2015.10.10"]
[EventType "rapid"]

1. d4 Nf6 2. c4 g6 3. Nf3 Bg7 4. g3 O-O 5. Bg2 d6 6. O-O Nbd7 7. Nc3 e5 8. e4
exd4 9. Nxd4 Re8 10. h3 a6 11. Nc2 Rb8 12. Bg5 h6 13. Be3 Nc5 14. Bxc5 dxc5 15.
Qxd8 Rxd8 16. Rad1 Be6 17. b3 Nd7 18. Nd5 Bxd5 19. cxd5 b5 20. f4 Nb6 21. e5
Re8 22. h4 h5 23. Ne3 f6 24. Be4 f5 25. Bf3 Bf8 26. Kg2 Red8 27. Rc1 c4 28.
bxc4 Bc5 29. Nxf5 Nxc4 30. d6 gxf5 31. Bd5+ Kg7 32. dxc7 Ne3+ 33. Kf3 1-0

[Event "World Rapid 2015"]
[Site "Berlin GER"]
[Date "2015.10.11"]
[Round "6.57"]
[White "Anton Guijarro, David"]
[Black "Svane, Rasmus"]
[Result "1/2-1/2"]
[WhiteElo "2634"]
[BlackElo "2543"]
[PlyCount "91"]
[EventDate "2015.10.10"]
[EventType "rapid"]

1. e4 e6 2. d4 d5 3. Nd2 c5 4. Ngf3 cxd4 5. Nxd4 Nf6 6. exd5 Nxd5 7. N2f3 Bb4+
8. Bd2 O-O 9. Be2 b6 10. c4 Bxd2+ 11. Qxd2 Nf6 12. O-O Bb7 13. Rfd1 Qe7 14. Ne5
Rc8 15. Qe3 Na6 16. Bf3 Bxf3 17. Qxf3 Qc5 18. Qe3 Rd8 19. a3 Rac8 20. b4 Qd6
21. f4 Nb8 22. h3 Qe7 23. f5 Rd6 24. fxe6 fxe6 25. Ndf3 Nbd7 26. Nxd7 Qxd7 27.
Rxd6 Qxd6 28. Qe2 Qc6 29. Rd1 h6 30. Ne5 Qc7 31. Re1 a5 32. Qe3 axb4 33. axb4
Qd6 34. b5 Rc5 35. Nf3 Rxc4 36. Qxe6+ Qxe6 37. Rxe6 Nd5 38. Rd6 Rc5 39. Nd4 Kf7
40. Kh2 Ke7 41. Nf5+ Kf7 42. Nd4 Ke7 43. Re6+ Kf7 44. Rd6 Ke7 45. Nf5+ Kf7 46.
Nd4 1/2-1/2

[Event "World Rapid 2015"]
[Site "Berlin GER"]
[Date "2015.10.11"]
[Round "6.58"]
[White "Tari, Aryan"]
[Black "Jumabayev, Rinat"]
[Result "1-0"]
[WhiteElo "2521"]
[BlackElo "2606"]
[PlyCount "83"]
[EventDate "2015.10.10"]
[EventType "rapid"]

1. e4 c5 2. Nf3 d6 3. d4 Nf6 4. dxc5 Nxe4 5. cxd6 Nc6 6. Be3 Nxd6 7. Nc3 g6 8.
Nb5 Nxb5 9. Qxd8+ Nxd8 10. Bxb5+ Bd7 11. Bxd7+ Kxd7 12. O-O-O+ Ke8 13. Rd2 h5
14. Rhd1 f6 15. Rd7 b6 16. Rc7 Ne6 17. Rc6 Nd8 18. Rc4 e5 19. Nd2 f5 20. Nf3 e4
21. Ne5 Rg8 22. Rc7 f4 23. Nd7 Be7 24. Bxf4 Ne6 25. Rc4 Nxf4 26. Rxe4 Nxg2 27.
Nf6+ Kf7 28. Nxg8 Rxg8 29. Rd7 Re8 30. Rxa7 Kf8 31. Kd1 Rd8+ 32. Ke2 Bf6 33.
Rb7 Rd6 34. Rb4 Bd4 35. c3 Bc5 36. Ra4 Rd8 37. Kf1 Ne3+ 38. fxe3 Bxe3 39. Re4
Bc5 40. b4 Bd6 41. Rxb6 g5 42. Rd4 1-0

[Event "World Rapid 2015"]
[Site "Berlin GER"]
[Date "2015.10.11"]
[Round "6.59"]
[White "Seel, Christian"]
[Black "Vovk, Yuri"]
[Result "0-1"]
[WhiteElo "2474"]
[BlackElo "2617"]
[PlyCount "105"]
[EventDate "2015.10.10"]
[EventType "rapid"]

1. Nf3 d5 2. d4 Nf6 3. c4 c6 4. cxd5 cxd5 5. Nc3 Nc6 6. Bf4 a6 7. Rc1 Bf5 8. e3
e6 9. Bd3 Bxd3 10. Qxd3 Be7 11. O-O O-O 12. Ne5 Nxe5 13. Bxe5 Nd7 14. Bg3 Rc8
15. Rc2 Qa5 16. Rfc1 Rc6 17. Kf1 Rfc8 18. a3 Nb6 19. f3 Nc4 20. Be1 Qb6 21. Nd1
Qb5 22. Kg1 Nxa3 23. Rxc6 Rxc6 24. Qxb5 Nxb5 25. Rxc6 bxc6 26. Kf1 f6 27. Ke2
Kf7 28. Kd3 e5 29. Nc3 Nd6 30. Na4 e4+ 31. Ke2 Nb5 32. f4 f5 33. h3 h6 34. Ba5
g5 35. g3 Kg6 36. Bb6 h5 37. Bc5 Bd8 38. Kf2 h4 39. Bb6 hxg3+ 40. Kxg3 gxf4+
41. exf4 Bxb6 42. Nxb6 Nxd4 43. Nd7 Ne2+ 44. Kf2 Nxf4 45. Ne5+ Kf6 46. Nxc6
Nxh3+ 47. Kg3 Ng5 48. Nb4 Ke5 49. Nxa6 f4+ 50. Kg2 f3+ 51. Kf1 e3 52. b4 Ne4
53. b5 0-1

[Event "World Rapid 2015"]
[Site "Berlin GER"]
[Date "2015.10.11"]
[Round "6.60"]
[White "Romanov, Evgeny"]
[Black "Wagner, Dennis"]
[Result "1/2-1/2"]
[WhiteElo "2573"]
[BlackElo "2575"]
[PlyCount "91"]
[EventDate "2015.10.10"]
[EventType "rapid"]

1. d4 Nf6 2. Nc3 d5 3. Bf4 c5 4. e3 cxd4 5. exd4 a6 6. Nf3 Nc6 7. Ne5 e6 8.
Nxc6 bxc6 9. Na4 Bd6 10. Bxd6 Qxd6 11. Be2 O-O 12. O-O Nd7 13. c4 a5 14. Rc1
Ba6 15. b3 Rfd8 16. Qd2 dxc4 17. bxc4 c5 18. Rfd1 Qxd4 19. Qxd4 cxd4 20. Rxd4
Ne5 21. Rxd8+ Rxd8 22. f4 Nc6 23. Rb1 Nd4 24. Bf1 Kf8 25. Kf2 Rc8 26. Nb6 Rd8
27. g4 Ke7 28. Bg2 Nc2 29. Be4 Rd2+ 30. Kf3 Rxh2 31. Rd1 f5 32. gxf5 exf5 33.
Bxf5 Bb7+ 34. Kg3 Rg2+ 35. Kh3 Kf6 36. Bxh7 g6 37. Nd5+ Bxd5 38. Rxd5 Rg1 39.
Kh2 Rg4 40. Kh3 Rxf4 41. Rd6+ Ke5 42. Rxg6 Rxc4 43. Rg5+ Kd6 44. Rxa5 Rc3+ 45.
Kg4 Ra3 46. Rxa3 1/2-1/2

[Event "World Rapid 2015"]
[Site "Berlin GER"]
[Date "2015.10.11"]
[Round "6.61"]
[White "Sanal, Vahap"]
[Black "Agrest, Evgenij"]
[Result "0-1"]
[WhiteElo "2501"]
[BlackElo "2596"]
[PlyCount "86"]
[EventDate "2015.10.10"]
[EventType "rapid"]

1. Nf3 d5 2. g3 g6 3. Bg2 Bg7 4. O-O e5 5. d3 Ne7 6. Nbd2 O-O 7. Rb1 a5 8. a3
a4 9. b4 axb3 10. cxb3 h6 11. Bb2 Nd7 12. b4 Re8 13. Qc2 g5 14. e4 c6 15. Qb3
d4 16. Nc4 Qc7 17. h4 g4 18. Nh2 Nf6 19. b5 Be6 20. a4 Nd7 21. Ba3 Nc8 22. Qd1
Ndb6 23. Nxb6 Nxb6 24. Nxg4 Nxa4 25. b6 Qd7 26. Nxh6+ Bxh6 27. Qh5 Bg7 28. f4
Bg4 29. Qg5 f6 30. Qg6 Nc3 31. fxe5 fxe5 32. Ra1 Qe6 33. Qg5 Kh7 34. h5 Nb5 35.
Bc5 Rxa1 36. Rxa1 Bh6 37. Qh4 Rg8 38. Be7 Qf7 39. Rf1 Qxh5 40. Qxh5 Bxh5 41.
Kh2 Bg5 42. Bf8 Bg4 43. Bc5 Kg6 0-1

[Event "World Rapid 2015"]
[Site "Berlin GER"]
[Date "2015.10.11"]
[Round "6.62"]
[White "Valdes Romero, Leonardo"]
[Black "Shchekachev, Andrei"]
[Result "0-1"]
[WhiteElo "2362"]
[BlackElo "2531"]
[PlyCount "86"]
[EventDate "2015.10.10"]
[EventType "rapid"]

1. Nf3 g6 2. g3 Bg7 3. Bg2 c5 4. c4 Nc6 5. Nc3 d6 6. d3 e6 7. a3 Nge7 8. Bd2 b6
9. O-O Bb7 10. Rb1 O-O 11. b4 Qd7 12. Qa4 Rfd8 13. Rfc1 h6 14. h4 Nf5 15. Kh2
Kh7 16. Qd1 Nfd4 17. bxc5 dxc5 18. Nb5 Nxf3+ 19. Bxf3 Ne5 20. Bxb7 Qxb7 21. Bc3
f5 22. Bxe5 Bxe5 23. Qh1 Qe7 24. Kg1 Kg7 25. Qf3 Rab8 26. a4 Rf8 27. Kg2 Qd7
28. Qe3 Bf6 29. Rb3 g5 30. hxg5 hxg5 31. Rh1 Rh8 32. Rbb1 a6 33. Na3 Qc6+ 34.
f3 Kg6 35. g4 Bd4 36. Rxh8 Rxh8 37. gxf5+ exf5 38. Qe7 Bf6 39. Qa7 Qe6 40. e3
Qxe3 41. Rf1 Qe2+ 42. Rf2 Rh2+ 43. Kxh2 Qxf2+ 0-1

[Event "World Rapid 2015"]
[Site "Berlin GER"]
[Date "2015.10.11"]
[Round "6.63"]
[White "Rasmussen, Allan Stig"]
[Black "Hirneise, Tobias"]
[Result "1/2-1/2"]
[WhiteElo "2498"]
[BlackElo "2457"]
[PlyCount "48"]
[EventDate "2015.10.10"]
[EventType "rapid"]

1. Nf3 c5 2. c4 Nc6 3. d4 cxd4 4. Nxd4 Nf6 5. Nc3 e6 6. a3 Be7 7. e4 O-O 8. Be2
d5 9. exd5 exd5 10. O-O Nxd4 11. Qxd4 Be6 12. cxd5 Nxd5 13. Nxd5 Qxd5 14. Qxd5
Bxd5 15. Be3 Bf6 16. Rad1 Rfd8 17. b4 Bb2 18. a4 Bc3 19. Rd3 Bf6 20. Rfd1 Be4
21. Rxd8+ Bxd8 22. Bxa7 Bf6 23. Bc5 Rxa4 24. Bb5 Ra1 1/2-1/2

[Event "World Rapid 2015"]
[Site "Berlin GER"]
[Date "2015.10.11"]
[Round "6.64"]
[White "Bluebaum, Matthias"]
[Black "Ladva, Ottomar"]
[Result "1-0"]
[WhiteElo "2588"]
[BlackElo "2423"]
[PlyCount "51"]
[EventDate "2015.10.10"]
[EventType "rapid"]

1. c4 e6 2. Nc3 d5 3. d4 Be7 4. Nf3 Nf6 5. Bf4 O-O 6. Rc1 dxc4 7. e4 c5 8. Bxc4
cxd4 9. Nxd4 a6 10. Bb3 Qa5 11. e5 Nd5 12. Bxd5 exd5 13. O-O Be6 14. Be3 Nc6
15. f4 g6 16. Nb3 Qd8 17. Na4 d4 18. Nxd4 Nxd4 19. Bxd4 Bxa2 20. Nb6 Rb8 21. f5
gxf5 22. Rc3 Be6 23. Rd3 Qc7 24. Qh5 Rfd8 25. Rg3+ Kf8 26. Qh6+ 1-0